000 02027nam a22002778i 4500
001 991027022417707026
003 UkOxU
007 t|
008 240110s2024 vra 000|0|eng|d
020 _a9781788680615
035 _a()9781788680615
035 _a(StEdALDL)1/4419794
040 _aStDuBDS
_beng
_cStDuBDS
_erda
_dUkOxU
041 0 _aeng
_ager
245 0 0 _aGerman phrasebook & dictionary.
250 _aEighth edition.
260 _aCarlton :
_bLonely Planet,
_c2024.
300 _a272 pages :
_billustrations (color) ;
_c14 cm.
490 0 _aLonely Planet phrasebooks
520 _aLonely Planet's German Phrasebook and Dictionary is your handy passport to culturally enriching travels with the most relevant and useful German phrases and vocabulary for all your travel needs. Order a beer at Oktoberfest, buy a ticket to the opera or chat with locals; all with your trusted travel companion. Get More From Your Trip with Easy-to-Find Phrases for Every Travel Situation! Feel at ease with essential tips on culture, manners, idioms and multiple meanings — Order with confidence, explain food allergies, and try new foods with the menu decoder — Save time and hassles with vital phrases at your fingertips — Never get stuck for words with the 3500-word two-way, quick-reference dictionary — Be prepared for both common and emergency travel situations with practical phrases and terminology — Meet friends with conversation starter phrases — Get your message across with easy-to-use pronunciation guides. Inside Lonely Planet's German Phrasebook and Dictionary: Full-colour throughout — User-friendly layout organised by travel scenario categories — Survival phrases inside front cover for at-a-glance, on-the-fly cues — Convenient features.
650 0 _aGerman language
_vConversation and phrase books
_xEnglish
_925335
650 0 _aGerman language
_vDictionaries
_xEnglish
_910068
655 0 _aPhrase books
_925062
655 0 _aDictionaries
_923843
942 _2lcc
999 _c4771
_d4771